ARRUPE JESUIT UNIVERSITY

CORONAVIRUS -STOP THE SPREAD - CLEAN,DISINFECT,COVER

Ethics and Moral Philosophy (Record no. 119503)

MARC details
000 -LEADER
fixed length control field 00383nam a22001337a 4500
005 - DATE AND TIME OF LATEST TRANSACTION
control field 20150515020007.0
008 - FIXED-LENGTH DATA ELEMENTS--GENERAL INFORMATION
fixed length control field 140103b xxu||||| |||| 00| 0 eng d
050 ## - LIBRARY OF CONGRESS CALL NUMBER
Classification number BJ21.
Item number D184 2009
100 ## - MAIN ENTRY--PERSONAL NAME
Personal name Daniel, David M.
9 (RLIN) 6502
245 ## - TITLE STATEMENT
Title Ethics and Moral Philosophy
Statement of responsibility, etc Daniel, David M.
260 ## - PUBLICATION, DISTRIBUTION, ETC. (IMPRINT)
Place of publication, distribution, etc London
Name of publisher, distributor, etc SCM Press
Date of publication, distribution, etc 2009
300 ## - PHYSICAL DESCRIPTION
Extent xiv, 354p. ;
Dimensions 25cm.
942 ## - ADDED ENTRY ELEMENTS (KOHA)
Source of classification or shelving scheme Library of Congress Classification
Item type Monograph ( Printed materials)
Koha issues (borrowed), all copies 7
Holdings
Withdrawn status Lost status Source of classification or shelving scheme Damaged status Not for loan Collection code Home library Current library Shelving location Date acquired Total Checkouts Full call number Barcode Checked out Date last seen Date last borrowed Price effective from Koha item type
    Library of Congress Classification     Main Collection ARRUPE LIBRARY ARRUPE LIBRARY Main Collection 03/01/2014 12 BJ21. D184 2009 46410458 28/01/2025 14/01/2025 14/01/2025 03/01/2014 Monograph ( Printed materials)

 

Arrupe Library. PO Box MP320 Mt Pleasant, Harare, Zimbabwe
263 242 745411|librarian@aju.ac.zw